000 01317cam a2200361 i 4500
001 1635673
003 EG-ScBUE
005 20241208093057.0
008 960722t1996 gw a f b 001 0 eng d
020 _a3540612874
020 _a9783540612872
040 _aDLC
_beng
_erda
_cDLC
_dDLC
082 0 4 _a519.54
_222
_bPRE
245 0 0 _aPredictability of complex dynamical systems /
_ceditors Yurii A. Kravtsov, James B. Kadtke.
264 1 _aBerlin ;
_aNew York :
_bSpringer,
_c[1996]
264 4 _cc1996
300 _axii, 234 pages :
_billustrations (some color) ;
_c24 cm
336 _2rdacontent
_atext
_btxt
337 _aunmediated
_2rdamedia
_bn
338 _avolume
_bnc
_2rdacarrier
504 _aIncludes bibliographical references and index.
650 7 _aPrediction theory.
_2BUEsh
650 7 _aDifferentiable dynamical systems.
_2BUEsh
650 7 _aNonlinear theories.
_2BUEsh
_96166
651 _2BUEsh
653 _bENGGEN
_cMay2018
655 _vReading book
700 1 _aKravt︠s︡ov, I︠U︡. A.
_eeditor.
700 1 _aKadtke, James B.,
_d1957-
_eeditor.
906 _a7
_bcbc
_corignew
_d1
_eocip
_f19
_gy-gencatlg
942 _2ddc
_cBB
999 _c26745
_d26717